000 00685nam a2200265Ia 4500
005 20260302115636.0
008 008 260114s9999 xx 000 0 eng d
020 _a9798216010760
037 _aTextbook
040 _aCRL
040 _beng
040 _cCRL
041 _2eng
041 _aeng
084 _qCRL
100 _aWilliam Hutchings
_91120682
245 0 _aSamuel Beckett's Waiting for Godot A Reference Guide
260 _bBloomsbury
260 _bPraeger
260 _c2005
650 _aLiterary Studies
856 _uhttps://doi.org/10.5040/9798216010760?locatt=label:secondary_bloomsburyCollections
942 _cEBOOK
999 _c1686959
_d1686959